Sustainable practices for natural resource management and agroforestry/ (Record no. 211916)

MARC details
000 -LEADER
fixed length control field 00758nam a2200229 4500
005 - DATE AND TIME OF LATEST TRANSACTION
control field 20250624121810.0
010 ## - LCCN (DPL NO)
LC control number ENG-145527
020 ## - INTERNATIONAL STANDARD BOOK NUMBER
International Standard Book Number 978936163880
Terms of availability 320.00
035 ## - SYSTEM CONTROL NUMBER
System control number EN-129059
037 ## - SOURCE OF ACQUISITION
Source of stock number/acquisition DBAD
082 ## - DEWEY DECIMAL CLASSIFICATION NUMBER
Classification number 363.7
Edition number 1
100 ## - MAIN ENTRY--PERSONAL NAME
Personal name Rangasami shri S.R
245 ## - TITLE STATEMENT
Title Sustainable practices for natural resource management and agroforestry/
Statement of responsibility, etc S.R.Shi Rangasami...[et,al]
250 ## - EDITION STATEMENT
Edition statement 1
260 ## - PUBLICATION, DISTRIBUTION, ETC. (IMPRINT)
Place of publication, distribution, etc Madurai
Name of publisher, distributor, etc Shanlax Publications
Date of publication, distribution, etc 2024
270 ## - ADDRESS
Address 61,66 Vasantha Nagar
City Madurai
Postal code 625003
Electronic mail address shanlaxpublications@gmail.com
300 ## - PHYSICAL DESCRIPTION
Extent 229p.
Dimensions 22cm(Pb)
700 ## - ADDED ENTRY--PERSONAL NAME
Personal name Ajaykumar.R
Relator term Author
9 (RLIN) 82248
700 ## - ADDED ENTRY--PERSONAL NAME
Personal name Prabakaran.P
Relator term Author
9 (RLIN) 82249
700 ## - ADDED ENTRY--PERSONAL NAME
Personal name Harishankar.K
Relator term Author
9 (RLIN) 82250
942 ## - ADDED ENTRY ELEMENTS (KOHA)
Call number suffix RAN
Source of classification or shelving scheme Dewey Decimal Classification
Item type English Books
Classification part 363.7
Holdings
Withdrawn status Lost status Not for loan Collection code Home library Current library Date acquired Source of acquisition Cost, normal purchase price Full call number Barcode Copy number Cost, replacement price Koha item type
    Not For Loan Non-fiction D.B.Act.Division D.B.Act.Division 24/06/2025 DBAD 320.00 RAN 363.7 EN-129059 1 320.00 English Books

© Delhi Public Library
Hit Counter
free hit counter